000 00209 a2200097 4500
020 _a9780517228524
041 _aeng
100 _aTerry Brooks
245 _aThe heritage of Shnnara Books I And II
942 _cBK
999 _c30064
_d30062